A study of the monetary value of extension of time in building projects (Record no. 63429)

MARC details
000 -LEADER
fixed length control field 01100cam a2200217 4500
001 - CONTROL NUMBER
control field ABS62136
008 - FIXED-LENGTH DATA ELEMENTS--GENERAL INFORMATION
fixed length control field 000000n2000 000 0 eng u
035 ## - SYSTEM CONTROL NUMBER
System control number (Sirsi) u105932
100 ## - MAIN ENTRY--PERSONAL NAME
Personal name Jagboro, G.O.
245 #2 - TITLE STATEMENT
Title A study of the monetary value of extension of time in building projects
260 ## - PUBLICATION, DISTRIBUTION, ETC.
Date of publication, distribution, etc. 2000
490 ## - SERIES STATEMENT
Series statement Journal of Financial Management of Property and Construction
Volume/sequential designation 4(3) November 1999, 39-46(8)
520 ## - SUMMARY, ETC.
Summary, etc. Research into claims associated with extensions of time and the assertion that the perception of extension of time by consultants is time adjustment compensation and by contractors as time adjustment and monetary loss compensation. Findings establish that the monetary value of extension of time is highly insignificant and reinforce the compensation approach to the resolution of disputes emanating from extension of time. (from journal abstract) References.
590 ## - LOCAL NOTE (RLIN)
Local note ABS
650 ## - SUBJECT ADDED ENTRY--TOPICAL TERM
Topical term or geographic name entry element CONTRACTUAL CLAIMS
650 ## - SUBJECT ADDED ENTRY--TOPICAL TERM
Topical term or geographic name entry element EXTENSION OF TIME
650 ## - SUBJECT ADDED ENTRY--TOPICAL TERM
Topical term or geographic name entry element RESEARCH
690 ## - LOCAL SUBJECT ADDED ENTRY--TOPICAL TERM (OCLC, RLIN)
Topical term or geographic name as entry element BUILT ENVIRONMENT-BUILDING CONTRACT FORMS
700 ## - ADDED ENTRY--PERSONAL NAME
Personal name Alli, O.R.
942 ## - ADDED ENTRY ELEMENTS (KOHA)
Suppress in OPAC 0
Holdings
Withdrawn status Lost status Source of classification or shelving scheme Damaged status Not for loan Home library Current library Shelving location Date acquired Total Checkouts Full call number Barcode Date last seen Copy number Price effective from Koha item type
    Dewey Decimal Classification     London London Journal article 10/05/2000   ABS62136 105932-1001 06/08/2019 1 06/08/2019 Journal article